000 00759nam a2200217Ia 4500
005 20241129105932.0
008 241129s9999||||xx |||||||||||||| ||und||
020 _a978-93-89598-48-3
037 _aTB
040 _aARTS
_bhin
_cARTS
041 _ahin
_2hin
084 _aY:354 152R0
_qARTS
100 _aदाभोलकर, नरेन्द्र, ले.
245 0 _aविश्वास और अंधविश्वास
_cदाभोलकर, नरेन्द्र, ले.
260 _aनई दिल्ली, भारत
_bनयी राजकमल प्रकाशन
_c2020
300 _a144पृ0
365 _aINR
_b160
650 _aSociology
942 _cTB
_hY:354 152R0
999 _c1226654
_d1226654